1587 1058 1398 1431 1330 1044 1059 1459 1489 1815 1648 1749 1808 1901 1490 1419 1564 1942 1380 1953 1109 1007 1425 1712 1928 1680 1407 1469 1167 1078 1309 1736 1974 1836 1050 1063 1785 1330 1538 1124 1568 1040 1233 1190 1879 1058 1765 1061 1472 1091 1686 1684 1226 1681 1055 1230 1611 1599 1781 1244 1058 1848 1098 1562 1807 1093 1810 1964 1791 1801 1451 1470 1302 1906 1860 1742 1453 1742 1498 1121 1959 1798 1993 1805 1407 1630 1637 1919 1169 1020 1974 1947 1351 1978 1992 1154 1314 1718 1715 BCNSPRNW ULIB Ver.6.0+V

เปลี่ยนเป็นภาษาไทย

Change to English
 แสดงรายละเอียดบรรณานุกรม
  กลับหน้าหลัก

Brief Record : Get Marc (ISO 2709) : E-mail record : QR code < ปิดหน้าต่าง
LEADER : 00000nas 2200000uu 4500
001    13399122284
003     ULIB
008    020711s|||| th a 000 0 tha d
022    16867076
110    สำนักงานป้องกันควบคุมโรคที่ 10 เชียงใหม่
245    วารสารสาธารณสุขล้านนา (วิทยาเขตนครสวรรค์)/^cสำนักงานป้องกันควบคุมโรคที่ 10 เชียงใหม่
260    เชียงใหม่ :^bสำนักงานป้องกันควบคุมโรคที่ 10 เชียงใหม่,^cม.ป.ป.
310    ^aรายสี่เดือน
850 ^a ULIB:campus^bปีที่ 8 ฉบับที่ 2 ;ปีที่ 8 ฉบับที่ 3 ;ปีที่ 10 ฉบับที่ 1 ;ปีที่ 10 ฉบับที่ 2 ฉ.1
945    ^p0^l0^i
945    ^p0^l0^i800377
945    ^p0^l0^i800564
945    ^p0^l0^i800928
945    ^p0^l0^i801072
999    ^aทศพร เกษรทอง
รายการนี้ยังไม่มีแท็ก
คุณยังไม่ได้ล็อกอิน คุณสามารถมีกิจกรรมร่วมกับเว็บไซต์ได้ แต่ต้องล็อกอินก่อน ::
  ล็อกอิน

รายการสื่อสารสนเทศ (วารสาร)

ดูแบบ: กล่อง รายการ
-
no call number
สถานที่: ห้องสมุดวิทยาเขตสวรรค์ประชารักษ์ >นวนิยาย
ARRIVED
ปีที่ 8 ฉบับที่ 2
สถานที่: ห้องสมุดวิทยาเขตสวรรค์ประชารักษ์ >วารสาร
ARRIVED
ปีที่ 8 ฉบับที่ 3
สถานที่: ห้องสมุดวิทยาเขตสวรรค์ประชารักษ์ >วารสาร
ARRIVED
ปีที่ 10 ฉบับที่ 1
สถานที่: ห้องสมุดวิทยาเขตนครสวรรค์ >วารสาร
ARRIVED
ปีที่ 10 ฉบับที่ 2 ฉ.1
สถานที่: ห้องสมุดวิทยาเขตนครสวรรค์ >วารสาร

BibComment


ยังไม่เคยถูกคอมเมนท์

คอมเมนท์ทรัพยากรรายการนี้
  คอมเมนท์: วารสารสาธารณสุขล้..


 Copyright 2026. Bcnsprnw @Library